| 000 | 00828nam a2200277Ia 4500 | ||
|---|---|---|---|
| 003 | OSt | ||
| 005 | 20220928131103.0 | ||
| 006 | a|||||r|||| 00| 0 | ||
| 007 | ta | ||
| 008 | 220927b |||||||| |||| 00| 0 eng d | ||
| 020 | _cUSD 155.95 | ||
| 024 | _a133125 | ||
| 037 |
_b134, 03/03/2017, N.R.Book Distributors _cTextual |
||
| 040 |
_aSDCL _cSDCL _beng |
||
| 041 |
_2eng _aeng |
||
| 082 | _aG:7, Q6 | ||
| 100 |
_aGilbert Scott F. _9391902 |
||
| 245 | 0 | _aDevelopment biology | |
| 250 | _a11th | ||
| 260 |
_aSunderland _bSinauer _c2016 |
||
| 300 |
_axxiii,810p. +G-1 toSI-45 _ccm. |
||
| 650 | _aPlant Molecular Biology | ||
| 700 | _a Barresi Michael J. F. | ||
| 942 |
_hG:7, Q6 _cTEXL _2CC |
||
| 999 |
_c789517 _d789517 |
||